Диагностика и ремонт трубопроводов. Методы, совершенствование, применение

Detalhes bibliográficos
Outros Autores: Гумеров А. Г. Асгат Галимьянович, Султанов Р. Г. Риф Габдуллович, Зайнуллин Р. С. Рашит Сибагатович, Файзулин Р. Н. Руслан Наилович
Resumo:Проведен анализ существующих и предложены новые методы диагностики самых распространенных осложнений трубопроводов - утечек и уменьшения проходного сечения. Предложены технологии и технические средства для ремонта трубопроводов по методу «труба в трубе» и без остановки перекачки. Для специалистов нефтяной и газовой промышленности.
Idioma:russo
Publicado em: Москва, Недра, 2014
Colecção:Новое в науке
Assuntos:
Formato: Livro
KOHA link:https://koha.lib.tpu.ru/cgi-bin/koha/opac-detail.pl?biblionumber=264391

MARC

LEADER 00000nam0a2200000 4500
001 264391
005 20231101233828.0
010 |a 9785836504229 
035 |a (RuTPU)RU\TPU\book\287382 
090 |a 264391 
100 |a 20140618d2014 k y0rusy50 ca 
101 0 |a rus 
102 |a RU 
105 |a a z 001zy 
200 1 |a Диагностика и ремонт трубопроводов. Методы, совершенствование, применение  |f А. Г. Гумеров [и др.] 
210 |a Москва  |c Недра  |d 2014 
215 |a 149 с.  |c ил. 
225 1 |a Новое в науке 
320 |a Библиогр.: с. 143-146. 
330 |a Проведен анализ существующих и предложены новые методы диагностики самых распространенных осложнений трубопроводов - утечек и уменьшения проходного сечения. Предложены технологии и технические средства для ремонта трубопроводов по методу «труба в трубе» и без остановки перекачки. Для специалистов нефтяной и газовой промышленности. 
606 1 |a Трубопроводы  |x Реконструкция  |x Ремонт  |2 stltpush  |3 (RuTPU)RU\TPU\subj\70030  |9 84593 
610 1 |a эксплуатация 
610 1 |a техническое состояние 
610 1 |a безопасность 
610 1 |a осложнения 
610 1 |a диагностика 
610 1 |a негерметичность 
610 1 |a обнаружение 
610 1 |a проходное сечение 
610 1 |a уменьшение 
610 1 |a закупорка 
610 1 |a повреждения 
610 1 |a аварийный ремонт 
675 |a 621.643  |v 3 
701 1 |a Гумеров  |b А. Г.  |g Асгат Галимьянович 
701 1 |a Султанов  |b Р. Г.  |g Риф Габдуллович 
701 1 |a Зайнуллин  |b Р. С.  |g Рашит Сибагатович 
701 1 |a Файзулин  |b Р. Н.  |g Руслан Наилович 
801 1 |a RU  |b 63413507  |c 20140618 
801 2 |a RU  |b 63413507  |c 20150706  |g RCR 
900 |a Диагностика оборудования газонефтепроводов 
900 |a Диагностика систем трубопроводного транспорта 
942 |c BK 
959 |a 104/20140611  |d 10  |e 550,00  |f ЧЗТЛ:1  |f АНЛ:1  |f УФ:8